[Event "ESP-ch Seniors 2017"]
[Site "Altea"]
[Date "2017.10.13"]
[Round "7"]
[White "Vinal Gutierrez, Pedro"]
[Black "Campos Calvo-Sotelo, Juan"]
[Result "1-0"]
[WhiteElo "2041"]
[BlackElo "1796"]
[Annotator "NA RC"]
[PlyCount "112"]
[EventDate "2017.??.??"]
[EventType "swiss"]
[EventCountry "ESP"]
[SourceTitle "playchess.com"]
[Source "ChessBase"]
[SourceQuality "1"]
[TimeControl "5400+30"]

1. d4 {[%emt 0:00:00]} b5 {[%emt 0:00:13]} 2. e4 {[%emt 0:00:00]} a6 {[%emt 0:00:16]} 3. Bd3 {[%emt 0:00:21]} e6 {[%emt 0:00:19]} 4. Nf3 {[%emt 0:00:22]} c5 {[%emt 0:00:27]} 5. c3 {[%emt 0:00:14]} Bb7 {[%emt 0:00:12]} 6. O-O {[%emt 0:00:20]} Nf6 {[%emt 0:01:08]} 7. e5 {[%emt 0:00:29] B28: Sicilian: 2 Nf3 a6 (O'Kelly Variation)} (7. Re1 Qc7 8. a4 c4 9. Bc2 d5 10. e5 Ne4 11. Nbd2 Nxd2 12. Bxd2 h6 13. b4 cxb3 14. Bxb3 Nd7 15. axb5 axb5 {0-1 (65) Kasparov,G (2812)-Short,N (2698) Leuven 2011}) 7... Nd5 {[%emt 0:00:08]} 8. dxc5 {[%emt 0:00:24]} Bxc5 {[%emt 0:00:09]} 9. Nbd2 {[%emt 0:00:18]} Qc7 $146 {[%emt 0:00:53]} ({Predecessor:} 9... f5 10. Nb3 Be7 11. a4 bxa4 12. Rxa4 a5 13. Re1 O-O 14. Nbd4 Na6 {0-1 (27) Galofre,C (2320)-Stopa,J (2440) Pawtucket 2008}) 10. a4 {[%emt 0:01:08]} b4 {[%emt 0:05:14]} 11. Ne4 {[%emt 0:01:34]} bxc3 {[%emt 0:02:26]} 12. bxc3 {[%emt 0:00:41]} Be7 {[%emt 0:01:04]} 13. Ba3 {[%emt 0:10:10]} O-O {[%emt 0:12:40]} 14. Bxe7 {[%emt 0:04:05]} Nxe7 {[%emt 0:00:25]} 15. Nd6 {[%emt 0:03:13]} Bxf3 {[%emt 0:01:31]} 16. Qxf3 {[%emt 0:00:20]} Nbc6 {[%emt 0:00:09]} 17. Qh3 {[%emt 0:03:17]} Ng6 {[%emt 0:03:19]} 18. f4 {[%emt 0:00:43]} f5 {[%emt 0:01:51]} 19. Qe3 {[%emt 0:04:40]} Nge7 {[%emt 0:08:30]} 20. c4 {[%emt 0:01:55]} Nb4 {[%emt 0:00:42]} 21. Rab1 {[%emt 0:03:02]} Nxd3 {[%emt 0:01:40]} 22. Qxd3 {[%emt 0:00:31]} Rfb8 {[%emt 0:01:39]} 23. Kh1 {[%emt 0:02:18]} Nc8 {[%emt 0:03:46]} 24. Rxb8 {[%emt 0:05:52]} Rxb8 {[%emt 0:01:59]} 25. h3 {[%emt 0:07:29]} Nxd6 {[%emt 0:00:14]} 26. exd6 {[%emt 0:01:22]} Qc6 {[%emt 0:00:24]} 27. Qd4 {[%emt 0:04:24]} Rb4 {[%emt 0:01:18]} 28. Rc1 {[%emt 0:05:08]} Rxa4 {[%emt 0:01:34]} 29. Rc3 {[%emt 0:01:15]} Qe4 {[%emt 0:10:58]} 30. Qxe4 {[%emt 0:05:31]} fxe4 {[%emt 0:00:07]} 31. g4 {[%emt 0:00:58]} Kf7 {[%emt 0:00:29]} 32. Kg2 {[%emt 0:00:17]} Ke8 {[%emt 0:00:36]} (32... Ra2+ $17 33. Kf1 Kf6) 33. Kf2 {[%emt 0:00:24]} Ra1 {[%emt 0:02:11]} 34. Ke3 {[%emt 0:00:26]} Rd1 {[%emt 0:04:37]} 35. Kxe4 {[%emt 0:17:53]} Rxd6 {[%emt 0:00:18]} 36. Rb3 {[%emt 0:01:13]} a5 {[%emt 0:00:56]} 37. Rb8+ {[%emt 0:00:15]} Ke7 {[%emt 0:00:21]} 38. Ra8 {[%emt 0:00:07]} Rb6 {[%emt 0:04:51]} 39. Rxa5 {[%emt 0:00:42]} Rb4 {[%emt 0:00:15]} 40. Kd4 {[%emt 0:01:01]} d5 {[%emt 0:10:43]} 41. Ke5 {[%emt 0:00:09]} Rxc4 {[%emt 0:01:31]} 42. Ra7+ {[%emt 0:02:33]} Kf8 {[%emt 0:03:02]} 43. Kxe6 {[%emt 0:00:14]} Re4+ {[%emt 0:00:25]} 44. Kf5 {[%emt 0:00:17]} g6+ {[%emt 0:01:59]} 45. Kg5 $14 {[%emt 0:00:37]} Re7 {[%emt 0:07:05]} 46. Ra8+ {[%emt 0:01:38]} Kg7 {[%emt 0:00:27]} 47. Rd8 {[%emt 0:00:24]} Re3 {[%emt 0:01:38]} 48. Rd7+ {[%emt 0:00:17]} Kg8 {[%emt 0:00:16]} 49. Kf6 {[%emt 0:00:19]} h5 {[%emt 0:02:39]} 50. Kxg6 {[%emt 0:01:05]} Kf8 {[%emt 0:00:20]} 51. Rxd5 {[%emt 0:00:27]} Rxh3 {[%emt 0:00:19]} 52. Rxh5 {[%emt 0:00:12]} Ra3 {[%emt 0:00:19]} 53. Rh7 {[%emt 0:00:19]} Ra6+ {[%emt 0:00:28]} 54. Kg5 {[%emt 0:00:11]} Kg8 {[%emt 0:00:11]} 55. Rb7 {[%emt 0:00:07]} Rc6 {[%emt 0:00:27]} 56. f5 {[%emt 0:00:08]} Rc7 1-0

[Event "ESP-ch Seniors 2017"]
[Site "Altea"]
[Date "2017.10.13"]
[Round "7"]
[White "De Lucas Bello, Federico"]
[Black "Celaya Tapiz, Jose Maria"]
[Result "0-1"]
[WhiteElo "1988"]
[BlackElo "2196"]
[Annotator "TA"]
[PlyCount "86"]
[EventDate "2017.??.??"]
[EventType "swiss"]
[EventCountry "ESP"]
[SourceTitle "playchess.com"]
[Source "ChessBase"]
[SourceQuality "1"]

{[%evp 14,86,62,64,141,125,256,260,262,249,258,136,138,112,227,112,129,99,87,14,52,53,54,43,64,0,0,0,0,-45,-44,-87,-97,-97,-97,-118,-95,-131,-104,-146,-135,-229,-230,-190,-155,-339,-332,-334,-315,-324,-259,-262,-226,-231,-65,-66,-60,-69,-62,-191,-150,-631,-631,-606,-579,-591,-554,-602,-189,-594,-580,-563,-564,-507,-450]} 1. e4 e5 2. Nf3 Nc6 3. Bb5 Bb4 {[%cal Bf8b4,Bb4a5,Ba5b6][%mdl 32]} 4. O-O Nge7 5. c3 Ba5 6. Na3 {C60: Ruy Lopez: Unusual Black 3rd moves and 3...g6} (6. d4 exd4 7. cxd4 d5 8. e5 Bg4 9. h3 Bh5 10. Nc3 O-O 11. g4 Bg6 12. Nh4 Bb6 13. Be3 f6 14. exf6 Rxf6 15. Nxg6 Nxg6 16. Qb3 {0-1 (34) Karjakin,S (2771)-Carlsen,M (2881) Flor & Fjaere 2014}) 6... Bb6 7. Nc4 d6 8. a4 {LiveBook: 3 Games. And now a5 would win.White is slightly better.} Be6 ({Black should try} 8... O-O $14) 9. Ng5 $146 {[%cal Rg5e6]} ({Predecessor:} 9. d4 exd4 10. cxd4 d5 11. exd5 Bxd5 12. a5 Bxc4 13. Bxc4 Nxa5 14. Rxa5 Bxa5 {1-0 (23) Smagin,S (2520)-Hector,J (2465) Geneve 1990}) 9... Bxc4 (9... O-O $16) 10. Bxc4 $18 d5 11. exd5 Nxd5 {[#]} 12. Qf3 (12. Nxf7 $1 $18 {[%mdl 512]} Kxf7 13. b4) 12... Qxg5 $16 13. Bxd5 Qg6 (13... Qf6 $16) 14. Bxc6+ (14. b4 $18) 14... bxc6 15. Re1 O-O 16. Rxe5 (16. a5 $16 Bc5 17. b4 (17. Rxe5 Bd6 $16)) 16... Rae8 (16... Rfe8 $5 {[%cal Re8e5]} 17. d4 Rxe5 18. dxe5 Qc2 $14) 17. d4 Rxe5 18. dxe5 Qc2 19. Bg5 (19. b4 $14 a5 20. bxa5 Bxa5 21. Bf4) 19... Qxb2 $40 {[%mdl 128] Black mounts an attack.} 20. Rf1 h6 21. Bc1 Qc2 22. h3 Qxa4 23. Qg3 {Black must now prevent Bxh6.} Kh8 24. Qd3 Qb5 25. Qf5 Qd5 26. Qh5 Kg8 27. Kh2 (27. Qe2 $17) 27... Qc4 $19 28. Qd1 f6 {[%cal Bf7f6,Bf6e5,Be5e4,Be4e3][%mdl 32]} 29. f4 $2 (29. Ba3 $17 {was the only chance.} Rf7 30. exf6) 29... fxe5 ({Not} 29... Qxc3 30. e6 $17) 30. f5 e4 (30... Qxc3 $2 31. Bxh6 $1 {[%mdl 512]} e4 32. Bf4 $19) 31. f6 e3 ({But not} 31... Qxc3 32. f7+ $1 {[%mdl 512]} Kh8 33. Qd2 $19) 32. Qd7 {[%csl Gf6][%cal Rd7g7]} Rxf6 ({Don't play} 32... gxf6 33. Qf5 $17) 33. Qd8+ {[#]} Kh7 $2 (33... Kf7 $1 $19 34. Qd7+ Kg6 35. Qe8+ Rf7) 34. Rxf6 $15 gxf6 35. Qxf6 Qd5 {Hoping for ...Qd6+.} 36. Qe7+ (36. Ba3 $1 $15) 36... Kg6 $19 {Strongly threatening ...Qd6+.} 37. Qe8+ $2 (37. Ba3 $17) 37... Kf5 38. Qh5+ Ke4 39. Qe2 Qe5+ 40. g3 h5 $2 (40... Qxc3 41. Qd1 Bd4) 41. Qc2+ $2 (41. Qc4+ {nothing else works.} Kf5 42. Qf7+ Qf6 43. Qxh5+ Ke4 44. Qg4+ Ke5 45. Qe2) 41... Kd5 {Black is clearly winning.} 42. c4+ Ke6 43. Bb2 Bd4 {Precision: White = 27%, Black = 38%.} 0-1

[Event "ESP-ch Seniors 2017"]
[Site "Altea"]
[Date "2017.10.13"]
[Round "7"]
[White "Beltran Sanz, Felix"]
[Black "Coll Sola, Joan"]
[Result "0-1"]
[WhiteElo "1744"]
[BlackElo "2045"]
[Annotator "NA"]
[PlyCount "92"]
[EventDate "2017.??.??"]
[EventType "swiss"]
[EventCountry "ESP"]
[SourceTitle "playchess.com"]
[Source "ChessBase"]
[SourceQuality "1"]
[TimeControl "5400+30"]

1. e4 c5 {[%emt 0:00:12]} 2. Nf3 {[%emt 0:00:00]} e6 {[%emt 0:00:03]} 3. d4 {[%emt 0:02:06]} cxd4 {[%emt 0:00:02]} 4. Nxd4 {[%emt 0:00:12]} Nc6 {[%emt 0:00:02]} 5. Be3 {[%emt 0:00:55]} Nf6 {[%emt 0:00:44]} 6. Nxc6 {[%emt 0:00:45]} bxc6 {[%emt 0:00:17]} 7. Bd3 {[%emt 0:01:25]} d5 {[%emt 0:01:15]} 8. Nd2 {[%emt 0:03:21]} Be7 {[%emt 0:01:48] B44: Sicilian: Taimanov: 5 Nb5} (8... Bd6 9. Bg5 Rb8 10. Qe2 Be5 11. O-O Qc7 12. f4 Bxb2 13. Rad1 dxe4 14. Nxe4 Nd5 15. f5 e5 16. f6 g6 {1-0 (32) Kolbak,J (2271)-Andersen,M (2499) Denmark 2014}) 9. e5 {[%emt 0:00:49]} Nd7 {[%emt 0:00:27]} 10. Nf3 {[%emt 0:00:30]} O-O {[%emt 0:02:51]} 11. O-O {[%emt 0:00:14]} f6 $146 {[%emt 0:17:04]} ({Predecessor:} 11... Qc7 12. Bf4 Rb8 13. b3 Nc5 14. Re1 Rd8 15. c3 Nxd3 16. Qxd3 h6 17. Rad1 c5 {1-0 (53) Janos,M (2269)-Ondrus,M (2317) Slovakia 2015}) 12. exf6 {[%emt 0:07:40]} Bxf6 {[%emt 0:03:10]} 13. c3 {[%emt 0:00:56]} e5 {[%emt 0:03:11]} 14. Bc2 {[%emt 0:02:22]} Nb6 {[%emt 0:04:11]} 15. h3 {[%emt 0:02:04]} Be6 {[%emt 0:05:47]} 16. Re1 {[%emt 0:02:56]} Nd7 {[%emt 0:03:38]} 17. Qd2 {[%emt 0:01:31]} h6 {[%emt 0:03:04]} 18. Bb3 {[%emt 0:01:48]} Qe7 {[%emt 0:04:12]} 19. Qc2 {[%emt 0:13:24]} (19. Rad1 $11) 19... Rfe8 {[%emt 0:07:35]} 20. Qg6 {[%emt 0:09:12]} Bf7 {[%emt 0:00:56]} 21. Qc2 {[%emt 0:00:13]} Nc5 {[%emt 0:00:52]} 22. Qe2 {[%emt 0:04:09]} Nxb3 {[%emt 0:01:44]} 23. axb3 {[%emt 0:00:11]} d4 {[%emt 0:02:15]} 24. Bd2 {[%emt 0:01:01]} c5 {[%emt 0:00:50]} 25. c4 {[%emt 0:01:28]} e4 {[%emt 0:03:08]} 26. Nh2 {[%emt 0:00:27]} d3 {[%emt 0:04:18]} 27. Qg4 {[%emt 0:00:48]} h5 {[%emt 0:03:26]} 28. Qf5 {[%emt 0:03:31]} Bxb2 {[%emt 0:00:57]} 29. Rab1 {[%emt 0:00:09]} Qf6 {[%emt 0:01:02]} 30. Qxc5 {[%emt 0:01:52]} Bd4 {[%emt 0:00:31]} 31. Qb4 {[%emt 0:02:28]} Bxf2+ {[%emt 0:01:00]} 32. Kh1 {[%emt 0:00:18]} Bxe1 {[%emt 0:00:03]} 33. Rxe1 {[%emt 0:00:33]} Rab8 {[%emt 0:03:32]} 34. Qa3 {[%emt 0:00:12] [#]} (34. Qa5 $142) 34... Qb6 {[%emt 0:02:14]} (34... e3 $142 $1 35. Rxe3 (35. Bxe3 Rxe3) 35... Qf2) 35. Nf1 {[%emt 0:00:41]} Qxb3 {[%emt 0:01:16]} 36. Qxa7 {[%emt 0:00:16]} Rb7 {[%emt 0:00:41]} 37. Qf2 {[%emt 0:03:01]} Bxc4 {[%emt 0:03:00]} 38. Ne3 {[%emt 0:00:18]} Qa2 {[%emt 0:01:14]} 39. Nxc4 {[%emt 0:03:31]} Qxc4 {[%emt 0:00:16]} 40. Qe3 {[%emt 0:00:21]} Qa2 {[%emt 0:01:20]} 41. Bc3 {[%emt 0:01:29]} Rb1 {[%emt 0:00:57]} 42. Rxb1 {[%emt 0:00:54]} Qxb1+ {[%emt 0:00:02]} 43. Kh2 {[%emt 0:00:13]} Qb8+ {[%emt 0:02:20]} 44. Kg1 {[%emt 0:00:25]} Qd8 {[%emt 0:03:55]} 45. Qg3 {[%emt 0:00:40]} Qd7 $19 {[%emt 0:00:14]} 46. Qg6 {[%emt 0:00:31]} Qf7 {[%emt 0:02:08]} 0-1

[Event "ESP-ch Seniors 2017"]
[Site "Altea"]
[Date "2017.10.14"]
[Round "8"]
[White "Elissalt Cardenas, Hector"]
[Black "Fernandez Hernandez, Gerardo"]
[Result "1-0"]
[WhiteElo "2324"]
[BlackElo "2178"]
[Annotator "TA"]
[PlyCount "57"]
[EventDate "2017.??.??"]
[EventType "swiss"]
[EventCountry "ESP"]
[SourceTitle "playchess.com"]
[Source "ChessBase"]
[SourceQuality "1"]

{[%evp 9,57,-6,-11,-31,-27,-26,-9,-8,-4,0,27,27,27,16,20,19,27,0,3,0,8,0,30,30,32,28,59,59,57,57,77,75,82,45,42,7,33,21,108,86,117,116,133,138,224,221,924,915,896,886]} 1. d4 Nf6 2. c4 e6 3. Nf3 Bb4+ 4. Bd2 a5 5. Bxb4 (5. a3 Bxd2+ 6. Qxd2 b6 7. Nc3 Bb7 8. g3 O-O 9. Bg2 Ne4 10. Nxe4 Bxe4 11. O-O a4 12. Qe3 Bb7 13. Qd3 f5 14. Ne5 Bxg2 15. Kxg2 {0-1 (38) So,W (2822)-Carlsen,M (2838) chess.com INT 2017}) 5... axb4 {LiveBook: 7 Partien} 6. Qd3 $146 {E11: Damenindisch (Bogoljubow-Variante)} ({Vorgänger:} 6. g3 b6 7. Bg2 Bb7 8. O-O O-O 9. Nbd2 c5 10. Re1 d6 11. e4 Nc6 12. d5 exd5 13. cxd5 Ne7 14. Nc4 Ng6 15. a4 bxa3 16. Rxa3 b5 17. Rxa8 Bxa8 {0-1 (40) Socko,M (2437)-Hou,Y (2658) Baku 2016}) 6... d6 7. g3 Nc6 8. Nbd2 {Die Stellung ist ausgeglichen.} Qe7 9. Bg2 e5 {[#] Droht ...e4 und aus.} 10. d5 Nb8 {[%cal Bc6b8,Bb8a6,Ba6c5][%mdl 32]} 11. e4 Na6 12. O-O Nc5 13. Qc2 Bd7 14. Rfc1 O-O 15. Ne1 Ra5 16. a3 Rfa8 $1 17. Qd1 b3 ({Ein No Go ist} 17... bxa3 $6 18. b4 $16) 18. Qe2 Ba4 19. Rc3 b5 20. cxb5 Rxb5 21. Bh3 Rb7 22. Qf3 Bd7 23. Bxd7 Qxd7 (23... Nfxd7 $11 {hält das Gleichgewicht.} 24. Nd3 (24. Nxb3 Na4 $14) 24... Nxd3 25. Rxd3 Nc5) 24. Nd3 {zielt auf Txc5 ab.} Nxd3 25. Qxd3 Qa4 26. Rac1 Nd7 (26... Ne8 $16 27. Rc6 (27. Rxb3 Rxb3 28. Nxb3 Rb8 $16) 27... Qa7) 27. Rxc7 $18 Nc5 $2 {[#]} (27... Rxc7 28. Rxc7 Nc5) 28. R1xc5 dxc5 29. Rxb7 {Precision: Weiß = 77%, Schwarz = 42%.} 1-0

[Event "ESP-ch Seniors 2017"]
[Site "Altea"]
[Date "2017.10.14"]
[Round "8"]
[White "Nunez Munoz, Jesus"]
[Black "Ruiz Ledo, Antonio"]
[Result "1-0"]
[WhiteElo "2199"]
[BlackElo "2045"]
[Annotator "TA"]
[PlyCount "93"]
[EventDate "2017.??.??"]
[EventType "swiss"]
[EventCountry "ESP"]
[SourceTitle "playchess.com"]
[Source "ChessBase"]
[SourceQuality "1"]

{[%evp 12,93,48,48,72,75,83,62,142,147,140,158,136,133,176,84,85,90,130,122,147,125,152,147,145,99,131,125,291,268,282,277,279,275,281,249,302,302,393,394,394,383,372,266,266,266,266,259,252,247,305,295,306,264,262,260,298,291,414,414,414,414,414,414,414,414,414,413,414,413,440,447,417,370,413,406,405,397,398,396,587,578,570,547]} 1. e4 c6 2. d4 g6 3. c3 Bg7 4. Bd3 d6 5. Nf3 Nf6 6. O-O O-O 7. h3 {LiveBook: 26 Partien} Ne8 $146 {B07: Pirc-Ufimzew-Verteidigung} ({Vorgänger:} 7... Qc7 8. Re1 e5 9. Nbd2 Nbd7 10. a4 b6 11. Nf1 Bb7 12. Ng3 Rfe8 13. Bd2 Rad8 14. Qc2 d5 15. dxe5 Nxe4 16. Nxe4 dxe4 17. Bxe4 Nxe5 18. Nxe5 Bxe5 {½-½ (47) Salgado Lopez,I (2622)-Malakhov,V (2694) Dubai 2014}) 8. Re1 e5 9. a4 Na6 ({Besser ist} 9... Be6 $14) 10. Bxa6 $16 bxa6 11. dxe5 Be6 12. exd6 Qxd6 13. Qxd6 (13. Be3 $18 {ist viel giftiger.}) 13... Nxd6 14. Nd4 Bxd4 15. cxd4 {[%cal Bc3d4,Bd4d5][%mdl 32]} Rab8 16. Nc3 Nc4 17. d5 Bd7 18. Re2 Rfe8 19. Bf4 {zielt auf dxc6 ab.} Rxb2 $2 (19... Rb3 $16 {war einen Versuch wert.}) 20. Rxb2 $18 Nxb2 {[#]} 21. Rb1 $1 {[%cal Rb1b2]} Nd3 22. Be3 cxd5 23. Nxd5 ({Auf keinen Fall} 23. exd5 $6 Rc8 $18) 23... Kg7 24. Bd4+ Kh6 25. Nf6 Bxa4 26. Nxe8 Bxe8 27. Bxa7 {[%mdl 4096] Endspiel KTL-KLS} Bb5 28. Bd4 g5 29. f3 {[%cal Bf2f3,Bf3g4][%mdl 32]} Kg6 30. Kh2 f5 31. exf5+ Kxf5 32. Bb6 h5 33. g4+ hxg4 34. fxg4+ Ke4 (34... Kg6 $142 35. Rd1 Nf4) 35. Kg3 Ne5 36. Re1+ Kd5 37. Bd8 Nf7 38. Rd1+ Kc6 39. Ba5 Bc4 40. Bd2 Kb5 41. Rb1+ Kc6 42. Ra1 Kd5 43. Ra5+ Bb5 44. Ra3 Bc4 45. Rf3 Ke4 (45... Ke6 $142 46. Re3+ Kd7) 46. Rf5 Be6 47. Ra5 {Precision: Weiß = 81%, Schwarz = 39%.} 1-0

[Event "ESP-ch Seniors 2017"]
[Site "Altea"]
[Date "2017.10.14"]
[Round "8"]
[White "Celaya Tapiz, Jose Maria"]
[Black "Suba, Mihai"]
[Result "1/2-1/2"]
[WhiteElo "2196"]
[BlackElo "2315"]
[Annotator "TA"]
[PlyCount "133"]
[EventDate "2017.??.??"]
[EventType "swiss"]
[EventCountry "ESP"]
[SourceTitle "playchess.com"]
[Source "ChessBase"]
[SourceQuality "1"]

{[%evp 9,133,8,21,-6,11,0,0,-28,-11,-13,-19,-29,0,0,12,1,0,0,0,-13,9,-26,-10,-14,0,0,7,-27,-12,-30,-17,-31,0,0,0,-22,0,0,0,0,33,0,0,0,0,0,0,0,0,-64,-64,-64,-64,-64,-62,-61,-55,-63,-65,-60,-68,-73,-48,-55,-48,-48,-48,-48,-48,-77,-48,-47,-8,-85,0,-8,-8,-76,-8,-47,8,8,8,8,8,8,37,8,8,8,11,17,10,10,17,10,10,10,10,10,10,10,10,10,10,10,10,10,10,10,10,10,10,10,10,10,10,10,10,10,10,10,10,8,8,8]} 1. e4 c5 2. c3 d5 3. exd5 Qxd5 4. d4 Nf6 5. Nf3 e6 {LiveBook: 4081 Games} 6. h3 {B22: Sicilian: 2 c3} (6. Bd3 Be7 7. O-O O-O 8. c4 Qd8 9. dxc5 Na6 10. Nc3 Nxc5 11. Bc2 Qxd1 12. Rxd1 b6 13. Ne5 {½-½ (13) Kryvoruchko,Y (2714)-Duda,J (2693) Chartres 2017}) 6... Nc6 7. Be3 cxd4 8. Nxd4 Bd7 9. Nd2 Nxd4 10. Bxd4 $146 ({Predecessor:} 10. cxd4 Bc6 11. Nf3 Qa5+ 12. Bd2 Bb4 13. a3 Bxd2+ 14. Qxd2 Qxd2+ 15. Kxd2 Bxf3 16. gxf3 {0-1 (28) Zugaj,Z-Kodric,M (2255) Ljubljana 1993}) 10... Be7 11. Nf3 O-O 12. Be2 Bc6 13. O-O Rfd8 14. Qb3 Qa5 15. a4 Nd7 16. Qc2 e5 {Hoping for ...Bxf3.} 17. Be3 Qc7 18. Nd2 (18. Ng5 {keeps more tension.} Nf8 19. Rfd1 h6 20. Nf3 Ng6 21. a5) 18... Nb6 19. Bxb6 axb6 20. Bf3 g6 21. Bxc6 Qxc6 22. b3 f6 23. Nc4 Kg7 24. Rad1 e4 25. Rxd8 Rxd8 26. Rd1 f5 27. Rxd8 Bxd8 28. Qd2 Bf6 29. Qd6 (29. g4 $11) 29... Qxd6 $15 30. Nxd6 Bxc3 31. Nxb7 {[%mdl 4096] Endgame KB-KN} Kf6 {Threatens to win with ...Ke7.} 32. Nd6 $1 Ke6 33. Nc4 Bd4 34. Na3 f4 35. Nc2 Bc3 36. Kf1 Kd5 37. Ke2 g5 38. Na3 Kc5 39. Nc2 h5 40. f3 Kd5 41. Na3 {[#]} (41. fxe4+ $1 $11 {keeps the balance.} Kxe4 42. Na3) 41... Bb4 (41... e3 $1 $17) 42. Nc2 (42. fxe4+ {feels hotter.} Kxe4 43. Nc4 Bc5 44. b4 Bxb4 45. Nxb6 g4 46. hxg4 hxg4 47. Nc4) 42... Be7 43. Kd2 {[#]} (43. fxe4+ $1 $11 Kxe4 44. b4) 43... Bc5 (43... e3+ $1 $17 44. Kd3 Bd6) 44. Ke2 Ke5 (44... e3 $15) 45. b4 $11 Bd6 46. a5 bxa5 47. bxa5 exf3+ 48. Kxf3 Kd5 {The position is equal.} 49. a6 {Strongly threatening a7.} Bc5 {[#]} 50. Nb4+ $1 {[%mdl 512]} Kd6 $1 (50... Bxb4 51. a7) 51. Nd3 Bb6 52. h4 gxh4 53. Nxf4 Kc6 54. Nxh5 Kb5 55. Kg4 Bf2 56. a7 Bxa7 57. Kxh4 Bf2+ 58. Kg5 Kc6 59. Kf5 Kd7 60. g4 Bh4 61. Nf4 Ke8 62. Ng6 Bd8 63. Ke6 Bg5 64. Ne5 Kf8 65. Nf3 Bc1 66. g5 Bxg5 67. Nxg5 {Precision: White = 53%, Black = 53%.} 1/2-1/2

[Event "ESP-ch Seniors 2017"]
[Site "Altea"]
[Date "2017.10.14"]
[Round "8"]
[White "Aranaz Portugues, Jose Carlos"]
[Black "Acebal Muniz, Antonio"]
[Result "1/2-1/2"]
[WhiteElo "2159"]
[BlackElo "2091"]
[Annotator "RC"]
[PlyCount "179"]
[EventDate "2017.??.??"]
[EventType "swiss"]
[EventCountry "ESP"]
[SourceTitle "playchess.com"]
[Source "ChessBase"]
[SourceQuality "1"]
[TimeControl "5400+30"]

1. d4 {[%emt 0:00:00]} d5 {[%emt 0:01:23]} 2. c4 {[%emt 0:00:00]} e6 {[%emt 0:00:33]} 3. Nc3 {[%emt 0:00:00]} Nf6 {[%emt 0:00:32]} 4. cxd5 {[%emt 0:00:00]} exd5 {[%emt 0:01:42]} 5. Bg5 {[%emt 0:00:10]} c6 {[%emt 0:03:25]} 6. Qc2 {[%emt 0:00:44]} Be7 {[%emt 0:02:36]} 7. e3 {[%emt 0:00:11]} O-O {[%emt 0:00:58]} 8. Bd3 {[%emt 0:00:06]} Nbd7 {[%emt 0:01:28]} 9. Nf3 {[%emt 0:00:37]} Re8 {[%emt 0:01:20]} 10. O-O {[%emt 0:00:15]} Nf8 {[%emt 0:03:27]} 11. h3 {[%emt 0:00:06]} Ne4 {[%emt 0:02:36]} 12. Bf4 {[%emt 0:05:28]} f5 {[%emt 0:07:13]} 13. Qb3 {[%emt 0:05:13]} Qb6 {[%emt 0:06:59]} 14. Qc2 {[%emt 0:05:24]} Be6 {[%emt 0:08:03]} 15. Ne5 {[%emt 0:01:54]} g6 {[%emt 0:12:16]} 16. f3 {[%emt 0:08:40]} Nf6 {[%emt 0:01:20]} 17. g4 {[%emt 0:02:00]} fxg4 {[%emt 0:11:48]} 18. hxg4 {[%emt 0:01:00]} Kg7 {[%emt 0:03:20]} 19. Na4 {[%emt 0:06:33]} Qd8 {[%emt 0:01:46]} 20. Nc5 {[%emt 0:00:14]} Bxc5 {[%emt 0:09:45]} 21. Qxc5 {[%emt 0:02:50]} N6d7 {[%emt 0:05:18]} 22. Qc2 {[%emt 0:02:11]} Nxe5 {[%emt 0:03:45]} 23. Bxe5+ {[%emt 0:00:50]} Kg8 {[%emt 0:01:55]} 24. Qh2 {[%emt 0:00:22]} Nd7 {[%emt 0:01:29]} 25. Bxg6 {[%emt 0:03:19]} Re7 {[%emt 0:02:53]} 26. Bc7 {[%emt 0:06:06]} Qf8 {[%emt 0:01:24]} 27. Bh5 {[%emt 0:01:33]} Rg7 {[%emt 0:01:13]} 28. Bd6 {[%emt 0:08:48]} Qf6 {[%emt 0:01:49]} 29. Rf2 {[%emt 0:00:24]} Bf7 {[%emt 0:01:20]} 30. Bxf7+ {[%emt 0:00:55]} Rxf7 {[%emt 0:00:28]} 31. Bf4 {[%emt 0:03:18]} Qe6 {[%emt 0:00:59]} 32. Qh4 {[%emt 0:03:03]} Re8 {[%emt 0:00:55]} 33. Kg2 {[%emt 0:00:38]} Nf8 {[%emt 0:00:25]} 34. Be5 {[%emt 0:02:11]} Ng6 {[%emt 0:00:22]} 35. Qg5 {[%emt 0:00:49]} h6 {[%emt 0:00:28]} 36. Qxh6 {[%emt 0:00:06]} Nxe5 {[%emt 0:00:44]} 37. Qxe6 {[%emt 0:00:23]} Rxe6 {[%emt 0:00:14]} 38. dxe5 {[%emt 0:00:03]} Rxe5 {[%emt 0:00:09]} 39. Re2 {[%emt 0:01:09]} Rfe7 {[%emt 0:00:28]} 40. Kf2 {[%emt 0:00:28]} d4 {[%emt 0:00:24]} 41. e4 {[%emt 0:00:15]} c5 {[%emt 0:00:36]} 42. Rd2 {[%emt 0:02:24]} Rh7 {[%emt 0:00:46]} 43. Kg3 {[%emt 0:00:31]} b5 {[%emt 0:00:30]} 44. Re1 {[%emt 0:00:10]} Rhe7 {[%emt 0:00:22]} 45. b4 {[%emt 0:01:41]} cxb4 {[%emt 0:00:54]} 46. Rxd4 {[%emt 0:00:03]} a5 {[%emt 0:00:09]} 47. Rc1 {[%emt 0:01:46]} Kg7 {[%emt 0:00:46]} 48. Kf4 {[%emt 0:00:25]} R5e6 {[%emt 0:00:31]} 49. Rc5 {[%emt 0:00:24]} Rf7+ {[%emt 0:00:32]} 50. Rf5 {[%emt 0:03:03]} Rc6 {[%emt 0:00:02]} 51. Rxf7+ {[%emt 0:01:53]} Kxf7 {[%emt 0:00:02]} 52. Rd7+ {[%emt 0:00:08]} Kg6 {[%emt 0:00:37]} 53. g5 {[%emt 0:03:13]} Rc3 {[%emt 0:01:26]} 54. Kg4 {[%emt 0:00:34]} Rc2 {[%emt 0:00:33]} 55. Rd6+ {[%emt 0:00:18]} Kg7 {[%emt 0:00:22]} 56. Kf5 {[%emt 0:00:09]} Rxa2 {[%emt 0:00:12]} 57. Rd7+ {[%emt 0:01:41]} Kf8 {[%emt 0:00:09]} 58. Kf6 {[%emt 0:05:21]} Ke8 {[%emt 0:00:06]} 59. Rb7 {[%emt 0:00:06]} Rf2 {[%emt 0:00:27]} 60. Rxb5 {[%emt 0:00:21]} Rxf3+ {[%emt 0:00:05]} 61. Ke6 {[%emt 0:00:10]} Kf8 {[%emt 0:00:56]} 62. Rxa5 {[%emt 0:00:09]} b3 {[%emt 0:00:16]} 63. Rb5 {[%emt 0:01:04]} Kg7 {[%emt 0:00:23]} 64. Ke7 {[%emt 0:03:06]} Re3 {[%emt 0:00:36]} 65. e5 {[%emt 0:00:53]} b2 {[%emt 0:00:09]} 66. e6 {[%emt 0:00:16]} Re2 {[%emt 0:00:10]} 67. Kd7 {[%emt 0:00:43]} Rd2+ {[%emt 0:00:29]} 68. Ke8 {[%emt 0:00:22]} Re2 {[%emt 0:01:18]} 69. e7 {[%emt 0:02:17]} Rd2 {[%emt 0:00:15]} 70. Rb6 {[%emt 0:01:03]} Re2 {[%emt 0:00:48]} 71. Rb8 {[%emt 0:02:54]} Rd2 {[%emt 0:00:39]} 72. Rb7 {[%emt 0:00:21]} Kg8 {[%emt 0:00:49]} 73. Rb5 {[%emt 0:02:01]} Kg7 {[%emt 0:00:18]} 74. Rb6 {[%emt 0:00:04]} Re2 {[%emt 0:00:25]} 75. Kd7 {[%emt 0:00:03]} Rd2+ {[%emt 0:00:14]} 76. Ke8 {[%emt 0:03:21]} Re2 {[%emt 0:00:14]} 77. g6 {[%emt 0:02:44]} Rd2 {[%emt 0:00:48]} 78. Rb7 {[%emt 0:00:17]} Kg8 {[%emt 0:00:38]} 79. g7 {[%emt 0:00:14]} Rc2 {[%emt 0:00:52]} 80. Kd7 {[%emt 0:01:20]} Rd2+ {[%emt 0:00:28]} 81. Ke8 {[%emt 0:01:29]} Rc2 {[%emt 0:00:30]} 82. Rb3 {[%emt 0:00:16]} Rd2 {[%emt 0:00:42]} 83. Rb5 {[%emt 0:00:26]} Rc2 {[%emt 0:00:37]} 84. Kd7 {[%emt 0:01:59]} Rd2+ {[%emt 0:00:07]} 85. Ke6 {[%emt 0:00:29]} Re2+ {[%emt 0:00:25]} 86. Kf6 {[%emt 0:00:10]} Rf2+ {[%emt 0:00:32]} 87. Kg5 {[%emt 0:00:33]} Rg2+ {[%emt 0:00:44]} 88. Kf4 {[%emt 0:00:16]} Re2 {[%emt 0:00:37]} 89. Kg5 {[%emt 0:01:56]} Rxe7 {[%emt 0:00:55]} 90. Rxb2 1/2-1/2